000 00561nam a22001817a 4500
999 _c139676
_d139676
005 20230511163512.0
010 _aENG-118097
020 _a8189766449
_c1245.00
035 _aEN-101629
037 _bDBAD/PUB
082 _a616.994
100 _aHD Kumar
245 _aCombating cancer /
_cby HD Kumar, Swati Kumar
_bDiagnosis,therapy and nanomedicine
260 _aNew Delhi
_bVitasta Publishing
_c2015
270 _a2/15, Ansari Road, Daryaganj New Delhi - 110002
300 _axviii, 309p
_c24cm. (Hb)
942 _2ddc
_cEN
_h616.994
_mKUM